LEADER 02889oam 2200721 n 450 001 9910495757203321 005 20231013231401.0 010 $a2377472877 024 7 $a10.4000/books.ugaeditions.20192 035 $a(CKB)4100000011883057 035 $a(FrMaCLE)OB-ugaeditions-20192 035 $a(PPN)255349459 035 $a(oapen)doab113692 035 $a(EXLCZ)994100000011883057 100 $a20210413d2021|||| ||| 0 101 0 $afre 135 $aur||||||m|||| 181 $ctxt$2rdacontent 182 $cc$2rdamedia 183 $acr$2rdacarrier 200 00$aFuir avant demain$fKay Boyle 210 $aGrenoble$cUGA Éditions$d2021 215 $a1 online resource (316 p.) 225 1 $aParoles d'ailleurs 311 1 $a2377470327 330 $aFuir avant demain est un roman de l?écrivaine américaine Kay Boyle paru en 1932. Le lecteur est entrainé dans le récit aussi émouvant que lumineux d?une escapade tumultueuse et désespérée dans l?arrière-pays grassois, au milieu des années 20. Cette fiction autobiographique témoigne d?une époque littéraire façonnée par l?expérience de l?exil et tourmentée par le sentiment de sa finitude. Paru en français pour la première fois en 1937, le roman est réédité ici dans une nouvelle traduction, proposée par Anne Reynès-Delobel, qui permet d?apprécier toute l?intensité et l?élégance de la prose poétique de Boyle, romancière moderniste unique, amoureuse des mots et de la vie. Femme aux multiples visages, architecte, écrivain, mère de six enfants, mariée à trois reprises, Kay Boyle (1902-1992) est un personnage hors du commun. Son ?uvre considérable connut un très grand succès aux États-Unis. Le Cheval aveugle (The Crazy Hunter, 1940) a fait l?objet d?une traduction en 2008. 606 $aLiterature 606 $aPoetry 606 $aLiterature American 606 $apassion 606 $aécriture 606 $alittérature 606 $aannées 20 606 $amilieu littéraire 606 $afemme écrivain 606 $aexpatriation 606 $atuberculose 610 $aannées 20 610 $aécriture 610 $aexpatriation 610 $afemme écrivain 610 $alittérature 610 $amilieu littéraire 610 $apassion 610 $atuberculose 615 4$aLiterature 615 4$aPoetry 615 4$aLiterature American 615 4$apassion 615 4$aécriture 615 4$alittérature 615 4$aannées 20 615 4$amilieu littéraire 615 4$afemme écrivain 615 4$aexpatriation 615 4$atuberculose 700 $aBoyle$b Kay$0438790 701 $aReynès-Delobel$b Anne$01289369 801 0$bFR-FrMaCLE 906 $aBOOK 912 $a9910495757203321 996 $aFuir avant demain$93569886 997 $aUNINA